Categorical Data Analysis Using SAS, Third Edition, 3rd Edition /

Statisticians and researchers will find Categorical Data Analysis Using SAS, Third Edition, by Maura Stokes, Charles Davis, and Gary Koch, to be a useful discussion of categorical data analysis techniques as well as an invaluable aid in applying these methods with SAS. Practical examples from a broa...

Full description

Bibliographic Details
Main Authors: Stokes, Maura (Author), Davis, Charles (Author), Koch, Gary (Author)
Corporate Author: Safari, an O'Reilly Media Company
Format: eBook
Language:English
Published: SAS Institute, 2012.
Edition:3rd edition.
Subjects:
Online Access:Connect to this electronic resource

MARC

Tag First Indicator Second Indicator Subfields
LEADER 00000uam a2200000 a 4500
001 in00004140321
005 20260128152553.5
006 m o d
007 cr cn
008 160813s2012 xx o eng
020 |z 9781612900902 
020 |z 9781607646648 
035 |a (CaSebORM)9781607646648 
040 |d UtOrBLW 
041 0 |a eng 
100 1 |a Stokes, Maura,  |e author. 
245 1 0 |a Categorical Data Analysis Using SAS, Third Edition, 3rd Edition /  |c Stokes, Maura. 
250 |a 3rd edition. 
264 1 |b SAS Institute,  |c 2012. 
300 |a 1 online resource (590 pages) 
336 |a text  |b txt  |2 rdacontent 
337 |a computer  |b c  |2 rdamedia 
338 |a online resource  |b cr  |2 rdacarrier 
347 |a text file 
520 |a Statisticians and researchers will find Categorical Data Analysis Using SAS, Third Edition, by Maura Stokes, Charles Davis, and Gary Koch, to be a useful discussion of categorical data analysis techniques as well as an invaluable aid in applying these methods with SAS. Practical examples from a broad range of applications illustrate the use of the FREQ, LOGISTIC, GENMOD, NPAR1WAY, and CATMOD procedures in a variety of analyses. Topics discussed include assessing association in contingency tables and sets of tables, logistic regression and conditional logistic regression, weighted least squares modeling, repeated measurements analyses, loglinear models, generalized estimating equations, and bioassay analysis. The third edition updates the use of SAS/STAT software to SAS/STAT 12.1 and incorporates ODS Graphics. Many additional SAS statements and options are employed, and graphs such as effect plots, odds ratio plots, regression diagnostic plots, and agreement plots are discussed. The material has also been revised and reorganized to reflect the evolution of categorical data analysis strategies. Additional techniques include such topics as exact Poisson regression, partial proportional odds models, Newcombe confidence intervals, incidence density ratios, and so on. This book is part of the SAS Press program. 
533 |a Electronic reproduction.  |b Boston, MA :  |c Safari,  |n Available via World Wide Web.  |d 2012. 
538 |a Mode of access: World Wide Web. 
542 |f Copyright SAS Institute  |g 2012 
588 |a Online resource; Title from title page (viewed July 31, 2012) 
500 |a Electronic resource. 
655 7 |a Electronic books.  |2 local 
700 1 |a Davis, Charles,  |e author.  |0 http://id.loc.gov/authorities/names/n2020005947 
700 1 |a Koch, Gary,  |e author. 
710 2 |a Safari, an O'Reilly Media Company. 
856 4 0 |u https://proxy.library.tamu.edu/login?url=https://go.oreilly.com/TAMU/library/view/-/9781607646648/?ar  |z Connect to this electronic resource  |t 0 
999 f f |s d79b29b5-f45e-3898-8a61-24009655b343  |i 8bc70a76-a9ed-3bf7-bd7e-92d6af603bbb  |t 0 
952 f f |a Texas A&M University  |b College Station  |c Electronic Resources  |s www_evans  |d Available Online  |t 0  |h No information provided 
998 f f |t 0  |l Available Online